Cơ học ứng dụng Giáo trình cao đẳng Sư phạm T.1 Cơ học ứng dụng

Những khái niệm về động hình học. Động hình học điểm. Chuyển động cơ bản của vật rắn tuyệt đối. Hợp đồng chuyển động. Chuyển động phẳng của vật rắn. Cơ cấu bốn khâu, tâm tích, ma sát và đối tiếp phẳng. Hệ tiền đề của động lực học, phương trình vi phân của chuyển động chất điểm. Khái niệm cơ bản về c...

Descrizione completa

Salvato in:
Dettagli Bibliografici
Autore principale: Nguyễn Xuân Lạc
Altri autori: Đỗ Như Lân
Natura: Libro
Lingua:Vietnamese
Pubblicazione: H. Đại học Sư phạm 2007
Soggetti:
Tags: Aggiungi Tag
Nessun Tag, puoi essere il primo ad aggiungerne! !
Thư viện lưu trữ: Mạng thư viện Đại học Đà Nẵng
LEADER 01867aam a22003858a 4500
001 000019745
003 16184
005 20141103141115.0
008 140820s2007 viesd
020 |c 32000đ  |d 500b 
041 |a vie 
082 1 4 |2 14  |a 531  |b NG-L 
084 |a Ê12,1z73  |b C460H 
100 1 |a Nguyễn Xuân Lạc 
245 |a Cơ học ứng dụng  |b Giáo trình cao đẳng Sư phạm  |c Nguyễn Xuân Lạc, Đỗ Như Lân  |n T.1  |p Cơ học ứng dụng 
260 |a H.  |b Đại học Sư phạm  |c 2007 
300 |a 211 tr.  |b hình vẽ  |c 24 cm. 
500 |a Đầu bìa sách ghi: Bộ Giáo dục và Đào tạo. Dự án Đào tạo Giáo viên THCS 
520 |a Những khái niệm về động hình học. Động hình học điểm. Chuyển động cơ bản của vật rắn tuyệt đối. Hợp đồng chuyển động. Chuyển động phẳng của vật rắn. Cơ cấu bốn khâu, tâm tích, ma sát và đối tiếp phẳng. Hệ tiền đề của động lực học, phương trình vi phân của chuyển động chất điểm. Khái niệm cơ bản về cơ hệ, định lý động năng... 
650 0 4 |2 Bộ TK TVQG  |a Cơ học ứng dụng 
653 |a Cơ học ứng dụng 
653 |a Vật lí 
655 7 |2 Bộ TK TVQG  |a Giáo trình 
700 1 |a Đỗ Như Lân 
773 |d Đại học Sư phạm  |d H.  |d 2007  |t Cơ học ứng dụng  |w 16183 
OWN |a LSP 
AVA |a UDN50  |b LSP  |d 531 NG-L  |e check_holdings  |t Error 5003 Not defined in file expand_doc_bib_avail.  |h N  |k 1 
999 |a From the UDN01 
AVA |a UDN50  |b LSP  |d 531 NG-L  |e available  |t Error 5001 Not defined in file expand_doc_bib_avail.  |f 20  |g 0  |h N  |i 0  |k 1 
TYP |a Monograph 
TYP |a Printed language 
980 |a Mạng thư viện Đại học Đà Nẵng